Transplantable Myelogenous Leukaemia in the Rat Induced by X-irradiation and Instillation of Methylcholanthrene into the Stomach

Bibliographic Details
Main Author: Hlavayová, Elena (Author)
Format: Article
Language:English

MARC

LEADER 00000nab a2200000ua 4500
001 vtls010828963
003 SK-MaSNL
005 20260303145009.0
008 230222s1957 xo |||||||||||||||||eng|
035 |a (urnnbn)urn:nbn:sk:snk:ar-a06f49 
035 |a urn:nbn:sk:snk-ab5ufi 
035 |a (uuid)d52e7a58-0d61-47c8-8183-f27c782f2f92 
040 |a SNKBUCL  |b slo  |c SNKBUCL  |e AACR2 
041 0 |a eng 
044 |a xo  |c SK 
100 1 |a Hlavayová, Elena  |4 aut  |9 1150381 
245 1 0 |a Transplantable Myelogenous Leukaemia in the Rat Induced by X-irradiation and Instillation of Methylcholanthrene into the Stomach  |c Elena Hlavayová 
773 0 |t Neoplasma : journal of experimental and clinical oncology  |g Roč. 4, č. 1 (1957), s. 10-14 
958 |a OND 
958 |a EUIPO 
958 |a article5 
999 |c 2000021  |d 2001951